Community nutrition in action : (Record no. 778)

000 -LEADER
fixed length control field 01381nam a22003497a 4500
001 - CONTROL NUMBER
control field 1123476
003 - CONTROL NUMBER IDENTIFIER
control field OSt
005 - DATE AND TIME OF LATEST TRANSACTION
control field 20210422053357.0
008 - FIXED-LENGTH DATA ELEMENTS--GENERAL INFORMATION
fixed length control field 940215s1994 mnua b 001 0 eng
010 ## - LIBRARY OF CONGRESS CONTROL NUMBER
LC control number 94008255
020 ## - INTERNATIONAL STANDARD BOOK NUMBER
International Standard Book Number 0314028196
040 ## - CATALOGING SOURCE
Original cataloging agency DLC
Transcribing agency DLC
Modifying agency DLC
043 ## - GEOGRAPHIC AREA CODE
Geographic area code n-us---
050 00 - LIBRARY OF CONGRESS CALL NUMBER
Classification number TX360.U6
Item number B69 1994
080 ## - UNIVERSAL DECIMAL CLASSIFICATION NUMBER
Universal Decimal Classification number 614
Item number B-83
082 00 - DEWEY DECIMAL CLASSIFICATION NUMBER
Classification number 363.8/58/0973
Edition number 20
100 1# - MAIN ENTRY--PERSONAL NAME
Personal name Boyle, Marie A.
Fuller form of name (Marie Ann)
245 10 - TITLE STATEMENT
Title Community nutrition in action :
Remainder of title an entrepreneurial approach /
Statement of responsibility, etc. Marie A. Boyle, Diane H. Morris.
260 ## - PUBLICATION, DISTRIBUTION, ETC.
Place of publication, distribution, etc. Minneapolis/St. Paul :
Name of publisher, distributor, etc. West Pub. Co.,
Date of publication, distribution, etc. c1994.
300 ## - PHYSICAL DESCRIPTION
Extent xviii, 538p.Appendixse 120
Other physical details ill. ;
Dimensions 25 cm.
500 ## - GENERAL NOTE
General note Accompanied by: Test bank with transparency masters to accompany Community nutrition in action (ix, 73, [100] p.).
504 ## - BIBLIOGRAPHY, ETC. NOTE
Bibliography, etc. note Includes bibliographical references and index.
650 #0 - SUBJECT ADDED ENTRY--TOPICAL TERM
Topical term or geographic name entry element Nutrition policy
Geographic subdivision United States.
650 #0 - SUBJECT ADDED ENTRY--TOPICAL TERM
Topical term or geographic name entry element Nutrition
Geographic subdivision United States.
650 #0 - SUBJECT ADDED ENTRY--TOPICAL TERM
Topical term or geographic name entry element Community health services
Geographic subdivision United States.
653 ## - INDEX TERM--UNCONTROLLED
Uncontrolled term ჯანდაცვა
700 1# - ADDED ENTRY--PERSONAL NAME
Personal name Morris, Diane H.
856 42 - ELECTRONIC LOCATION AND ACCESS
Materials specified Publisher description
Uniform Resource Identifier <a href="http://www.loc.gov/catdir/enhancements/fy1515/94008255-d.html">http://www.loc.gov/catdir/enhancements/fy1515/94008255-d.html</a>
906 ## - LOCAL DATA ELEMENT F, LDF (RLIN)
a 7
b cbc
c orignew
d 1
e ocip
f 19
g y-gencatlg
942 ## - ADDED ENTRY ELEMENTS (KOHA)
Source of classification or shelving scheme
Koha item type Books
Holdings
Withdrawn status Lost status Source of classification or shelving scheme Damaged status Not for loan Permanent location Current location Date acquired Inventory number Total Checkouts Full call number Barcode Date last seen Price effective from Koha item type
          Ken Walker International University Ken Walker International University 12/21/2020 2197   614 B-83 2197 12/21/2020 12/21/2020 Books

Powered by Koha